Advanced Problems in Organic Reaction Mechanisms. (Record no. 5633)

MARC details
000 -LEADER
fixed length control field 00479nam a22001817a 4500
003 - CONTROL NUMBER IDENTIFIER
control field OSt
005 - DATE AND TIME OF LATEST TRANSACTION
control field 20170303134242.0
008 - FIXED-LENGTH DATA ELEMENTS--GENERAL INFORMATION
fixed length control field 170303b xxu||||| |||| 00| 0 eng d
020 ## - INTERNATIONAL STANDARD BOOK NUMBER
International Standard Book Number 0080432557
040 ## - CATALOGING SOURCE
Transcribing agency DDC.
082 ## - DEWEY DECIMAL CLASSIFICATION NUMBER
Classification number 531.113MCK 1997.
100 ## - MAIN ENTRY--PERSONAL NAME
Personal name Alexander,McKillop;
9 (RLIN) 11749
245 ## - TITLE STATEMENT
Title Advanced Problems in Organic Reaction Mechanisms.
260 ## - PUBLICATION, DISTRIBUTION, ETC. (IMPRINT)
Place of publication, distribution, etc. UK,
Name of publisher, distributor, etc. Pergamon.
Date of publication, distribution, etc. 1997.
300 ## - PHYSICAL DESCRIPTION
Extent xix,153p;
Other physical details ill;
Dimensions 26cm.
650 ## - SUBJECT ADDED ENTRY--TOPICAL TERM
Topical term or geographic name as entry element Chemistry.
9 (RLIN) 797
942 ## - ADDED ENTRY ELEMENTS (KOHA)
Source of classification or shelving scheme Dewey Decimal Classification
Koha item type Open Shelf
Holdings
Withdrawn status Lost status Source of classification or shelving scheme Damaged status Not for loan Home library Current library Date acquired Source of acquisition Inventory number Total Checkouts Full call number Barcode Date last seen Price effective from Koha item type
    Dewey Decimal Classification     MUST Main Library MUST Main Library 03/03/2017   10/32164   531.113MCK 1997. 2017-0321 03/03/2017 03/03/2017 Open Shelf